000 00479nam a22001697a 4500
999 _c256273
_d256272
003 OSt
005 20250108163703.0
008 170310b xxu||||| |||| 00| 0 eng d
020 _a0495103594
020 _a9780495103592
040 _cRU
050 _aBF311
_b.G65 2008
100 _a Daniel Vanhorn
_e (Author)
245 _aCognitive psychology/
_bConnecting mind,research and everyday experience
_cE. Bruce Goldstein
260 _bThomson Wadsworth
_c2008
942 _2lcc
_cMP